000 01217 a2200265 4500
003 Nust
005 20221122150616.0
010 _a6823503
020 _a0273003062 :
040 _cNust
082 0 0 _a519,GIL
100 _aGilbert P,Robert
_9103382
245 0 0 _aFunction theoretic methods in partial differential equations /
_cR. P. Gilbert and R. J. Weinacht (editors).
260 _aNew York,
_aNew York,
_bAcademic press
_cc1969.
300 _a310 p. :
_bill. ;
_c25 cm.
440 0 _aResearch notes in mathematics ;
_v8
_9103383
505 _a1.An introduction to the theory of several complex variables (Page-1), 2. Harmonic functionsin (Page-P+2), variables (Page-44), 3. Elliptic differential equations in two variables with analytic coefficients (Page-106), 4. Singular partial differential equations (Page-165), 5. Applications of integral operators to scattering problems (Page-247).
650 0 _aAnalytic functions.
_9103384
650 0 _aBoundary value problems.
_9689
650 0 _aIntegral operators.
_9103385
700 1 _aGilbert, Robert P.,
_d1932-
_9103386
700 1 _aMuskhelishvili, N. I.
_d1891-1976.
_9103387
700 1 _aWeinacht, R. J.,
_d1931-
_9103388
942 _2ddc
_cBK
_k519,GIL
999 _c181221
_d181221